000
00337nam a2200145Ia 4500
005
20251222144753.0
008
251222s9999||||xx |||||||||||||| ||spa||
020
_a
9972613135
082
_a
363.69/L81
100
_a
Loayza Chang, Iris
245
0
_a
Patrimonio:
250
_a
1ra.ed.
264
_b
Editores & Consultores
942
_c
LIB
999
_c
19419
_d
19419